000 00439nam a22001817a 4500
003 MPLRDC
005 20220104114221.0
008 210129b ||||| |||| 00| 0 eng d
020 _a7-5004-1088-3
082 _a857.456 PHG
100 _a潘洪钢
245 _a明清宫廷疑案
_c
250 _a一版一刷
260 _a
_b中国社会科学出版社
_c1992
300 _b
650 _a历史小说
942 _cBK
_o857.456 PHG
999 _c5750
_d5740